01250cam a22003011 4500001001300000003000400013005001700017008004100034010001700075035001900092040002600111042001200137050002500149086002800174100003800202245008800240260005000328300003700378490007100415500007900486500006600565650003600631650005600667810007300723810008100796830005400877999001700931gs 39000167 DLC20260227111344.0760220s1939 azua b s000 0 eng  ags 39000167  a(OCoLC)2003944 aDLCcAzFUdOCoLCdDLC apremarc00aTN24.A6bA35 no. 1460 aMN 1.3:B 85/1462azdocs1 aWilson, Eldred Dewey,d1898-1965.10aBibliography of the geology and mineral resources of Arizona,cby Eldred D. Wilson. aTucson, Ariz.,bUniversity of Arizonac[1939] a164 p. :billus. (map) ;c23 cm.1 aArizona. Bureau of mines. Bulletinvno. 146. ; Geology ser. no. 13 aAt head of title: University of Arizona bulletin. Arizona Bureau of mines. aUniversity of Arizona bulletin, vol. X, no. 2, April 1, 1939. 0aGeologyzArizonavBibliography. 0aMines and mineral resourceszArizonavBibliography.2 aUniversity of Arizona.bState Bureau of Mines.tBulletin ;vno. 146.2 aUniversity of Arizona.bState Bureau of Mines.tGeological series ;vno. 13. 0aBulletin (University of Arizona) ;vv. 10, no. 2. c27548d27548